Načítá se...

People and forest : unfolding the participation mystique /

Podrobná bibliografie
Hlavní autor: Sinha, Himadri
Médium: Printed Book
Jazyk:English
Vydáno: New Delhi : Concept Publishing Company Pvt. Ltd, 2006.
Vydání:1st ed.
Témata:
LEADER 00659nam a22001697a 4500
008 200121b xxu||||| |||| 00| 0 eng d
999 |c 28359  |d 28359 
020 |a 9788180692468 
082 |a 333.77  |b SIN 
100 |a Sinha, Himadri 
245 |a People and forest :  |b unfolding the participation mystique /  |c Himadri Sinha 
250 |a 1st ed. 
260 |a New Delhi :  |b Concept Publishing Company Pvt. Ltd,  |c 2006. 
300 |a 302p. 
650 |a Social identity and people's participation in CBFM 
942 |2 ddc  |c BK 
952 |0 0  |1 0  |2 ddc  |4 0  |6 333_770000000000000_SIN  |7 0  |9 38923  |a MAIN  |b MAIN  |d 2020-01-21  |e Calicut books  |g 500.00  |o 333.77 SIN  |p 36885  |r 2020-01-21  |t 1  |w 2020-01-21  |y BK